| 000 -LEADER |
| fixed length control field |
00617cam a2200205 4500 |
| 001 - CONTROL NUMBER |
| control field |
3125354 |
| 005 - DATE AND TIME OF LATEST TRANSACTION |
| control field |
20180130041253.0 |
| 008 - FIXED-LENGTH DATA ELEMENTS--GENERAL INFORMATION |
| fixed length control field |
690902s1969 nyuab 001 0 eng |
| 010 ## - LIBRARY OF CONGRESS CONTROL NUMBER |
| LC control number |
69013326 |
| 040 ## - CATALOGING SOURCE |
| Original cataloging agency |
DLC |
| Transcribing agency |
DLC |
| Modifying agency |
DLC |
| 041 ## - LANGUAGE CODE |
| Language code of text/sound track or separate title |
eng |
| 080 ## - UNIVERSAL DECIMAL CLASSIFICATION NUMBER |
| Universal Decimal Classification number |
709.44 BAZ |
| 082 00 - DEWEY DECIMAL CLASSIFICATION NUMBER |
| Classification number |
709.44 BAZ |
| 100 ## - Rafti |
| Rafti |
44 |
| 101 ## - Shkurtesa |
| Shkurtesa |
ART |
| 245 00 - TITLE STATEMENT |
| Title |
Art treasures in France: |
| Statement of responsibility, etc |
Introduced by Germain Bazin. [General editors: Bernard S. Myers and Trewin Copplestone] |
| 350 ## - PRICE (NR) (BK AM CF MU VM SE) [OBSOLETE] |
| Price |
6.95 |
| 906 ## - LOCAL DATA ELEMENT F, LDF (RLIN) |
| a |
7 |
| b |
cbc |
| c |
orignew |
| d |
u |
| e |
ncip |
| f |
19 |
| g |
y-gencatlg |
| 942 ## - ADDED ENTRY ELEMENTS (KOHA) |
| Source of classification or shelving scheme |
|
| Item type |
Books |